Energía eléctrica y gas natural /

Guardado en:
Autor Principal: Lezama, Vicente A.
Formato: Libro
Idioma:Spanish
Publicado: Buenos Aires : Ed. oficial, 1960.
Etiquetas: Agregar Etiqueta
Sin Etiquetas, Sea el primero en etiquetar este registro!
LEADER 00434nam a22001455a 4500
001 EUN.um034530
003 AR-BaUNS
005 20050623122908.0
008 041125s1960####ag############000#0#spa#d
245 1 0 |a Energía eléctrica y gas natural /  |c Vicente A. Lezama. 
260 |a Buenos Aires :  |b Ed. oficial,  |c 1960. 
300 |a 44 p. 
100 1 |a Lezama, Vicente A. 
082 0 4 |a 621.312 
859 |a Ar-BaUNS  |b BIB. CENTRAL - Sector C  |h 621.312  |i L599  |p 1935/961